000 00366cam a22001337a 4500
008 180718b1957 xxu||||| |||| 00| 0 eng d
082 _aA6x49 75 D381
245 _aBulgaria
_cedited by L.A.D. Dellin
260 _aN.Y.
_bPraeger
_c1957
300 _a457p.
440 _aEast Central Europe under the Communists
650 _aBulgaria.
700 _aDellin, L.A.D., ed.
999 _c363895
_d363895